LEADER 01153nam a2200289 a 4500 001 000000155378 003 CaOOAMICUS 005 20161020174744.0 008 161020s1974 it u000 u ita r 032 $aLibriCat 040 $aPUL$bita 100 1 $aCatalano, Pierangelo.$0(OLS)http://pul/name/23567 245 10$aPopulus Romanus Quirites /$cPierangelo Catalano . 260 $aTorino :$bGiappichelli,$c1974. 300 $aVI, 175 p. ;$c25 cm. 490 1 $aUniversitą di Torino. Memorie dell'Istituto giuridico. Serie II ;$v156 504 $aContiene riferimenti bibliografici. 650 04$aDiritto romano.$0(OLS)http://pul/subject/382 830 0$aMemorie dell'Istituto giuridico (Universitą di Torino).$nSerie II ;$v156.$0(OLS)http://pul/title/2705 850 $aPUL 852 $aPUL$W1$xDP1 Cons. Gen., Altre Classi 1$y22$m1039 F 2.156$j178458$qStampati$B181671$CPULBib$Z2$F181671 $81 941 1 $a8 960 $aRoman law$9382 960 $aRoman law$9382 996 $6245$aPopulus Romanus Quirites$9(OLS)http://pul/title/195035 996 $6260$aTorino :$bGiappichelli$9(OLS)http://pul/publisher/48244 LEADER 01481nam a2200289 a 4500 001 000000174569 003 CaOOAMICUS 005 20210611131854.0 008 210611s2018 it u000 u ita r 020 $a978-88-921-1421-0* 032 $aLibriCat 040 $aPUL$bita 100 1 $aFabris, Costantino-M.$0(OLS)http://pul/name/76327 245 13$aLa natura della persona giuridica nell'ordinamento canonico : $bprofili generali e particolari : il caso della Caritas internationalis / $cCostantino-M. Fabris. 260 $aTorino :$bG. Giappichelli,$c©2018. 300 $aXIII, 311 p. ;$c23 cm 490 1 $aCollana di studi di diritto canonico ed ecclesiastico. Sezione canonistica ;$v46 504 $aRiferimenti bibliografici in nota. 650 4$aPersona giuridica.$0(OLS)http://pul/subject/46471 830 0$aCollana di studi di diritto canonico ed ecclesiastico.$pSezione canonistica ;$v46.$0(OLS)http://pul/title/11570 850 $aPUL 852 $aPUL$W1$xSL Diritto Canonico 3$y77$m262. 99 CAN.7 1.1.46$j198884$qDDC 21$B203511$CPULBib$Z2$F203511 $H135028 $82 941 1 $a9 996 $6020$a978-88-921-1421-0*$9(OLS)http://pul/number/168211 996 $6245$aLa natura della persona giuridica nell'ordinamento canonico : $bprofili generali e particolari : il caso della Caritas internationalis / $9(OLS)http://pul/title/215871 996 $6260$aTorino :$bG. Giappichelli$9(OLS)http://pul/publisher/49130